| 000 | 00547nam a2200241Ia 4500 | ||
|---|---|---|---|
| 003 | 0100 | ||
| 008 | 130307s9999 xx 000 0 und d | ||
| 020 | _a0132903474 | ||
| 040 | _cARRUPELIB | ||
| 050 | _aHF5387.E82 1993 | ||
| 100 | _aBeauchamp, Tom L | ||
| 245 | _aEthical theory and business | ||
| 250 | _a4th (ed.) | ||
| 260 | _aNew Jersey | ||
| 260 | _bPrentice Hall | ||
| 260 | _c1993 | ||
| 300 | _a653p. | ||
| 300 | _b23cm. | ||
| 650 | _aETHICS | ||
| 650 | _bJesuits- Constitutions | ||
| 700 | _aBowie, Norman E | ||
| 942 | 0 | 0 | _05 |
| 999 |
_c99737 _d99737 |
||